|
|
|
|
| LEADER |
00000cam a2200000 7i4500 |
| 001 |
0000027229 |
| 005 |
20090824.0 |
| 008 |
090824 |
| 020 |
|
|
|a 0071470425
|
| 090 |
0 |
0 |
|a 658.827
|b STI
|
| 100 |
1 |
|
|a Stiff, Dan
|
| 245 |
1 |
0 |
|a Sell the brand first :
|b how to sell your brand and create lasting customer loyalty
|c by Dan Stiff
|
| 260 |
|
|
|a New York :
|b McGraw Hill ,
|c 2006
|
| 300 |
|
|
|a ix, 262p. :
|b ill ;
|c 24cm.
|
| 500 |
|
|
|a Includes index
|
| 650 |
|
0 |
|a Brand name products
|x Marketing
|
| 650 |
|
0 |
|a Brand name products
|x Social aspects
|
| 650 |
|
0 |
|a Consumer satisfaction
|
| 650 |
|
0 |
|a Customer loyalty
|
| 650 |
|
0 |
|a Customer relations
|
| 999 |
|
|
|a 0001060267
|b Book
|c Adult Collection
|e Perbadanan Perpustakaan Awam Johor
|